00753 a2200193 4500010001400000020001100014035001300025037001800038082001100056090001500067245007600082260004500158270013200203300002900335650002300364942002600387999001500413952013100428 aENG-85706 c245.00 aEN-69239 bD.B.Act / Pub14a796.07 c3377d33771 aR. Gupta's guide to physical educationbwith multiple choice questions aNew DelhibRamesh Publishing Housec2008 a12-H, New Darya Ganj Road, Opp. Traffic KotwalibNew DelhicDelhi :e110002k23261647l23275124minfo@rameshpublishinghouse.com aiv, 236 p.c23 cm (pbk) aPhysical education adplcENk796.07 / RGU c3310d3310 00102ddc40718NFICaDBADbDBADeDBAD/PUBg245.00l0o796.07pEN-69239r2008-09-15 00:00:00t1u3524v245.00w2008-09-15yEN